Diseño de sistema de abastecimiento de agua pótale en los barrios Bernardino Díaz Ochoa y Tomás Borge Martínez del casco urbano9 del municipio de Somoto, departamento de Madriz, 2019

El presente trabajo describe en forma detallada el procedimiento a través del cual se desarrolló el diseño de sistema abastecimiento de agua potable en los barrios Bernardino Díaz Ochoa y Tomas Borge Martínez del casco urbano del municipio de Somoto, departamento de Madriz, para un periodo de...

Full description

Bibliographic Details
Main Authors: Alfaro Carrasco, Víctor Ernesto, Obregón López, Cruz Alberto
Other Authors: Tutor: Navarro Hudiel, Sergio Junior
Format: Tesis Section = Libro
Language:Undetermined
Spanish
Published: Managua UNI/RUACS 2019
Subjects:
LEADER 01719nam a2200265Ia 4500
008 240830s9999 xx 000 0 und d
040 |a BIBLIOTECA-RUPAP Mon 628.1 A385 
041 |a spa 
082 |a Mon 628.1 A385 
100 1 |a Alfaro Carrasco, Víctor Ernesto 
100 1 |b Obregón López, Cruz Alberto 
245 1 0 |a Diseño de sistema de abastecimiento de agua pótale en los barrios Bernardino Díaz Ochoa y Tomás Borge Martínez del casco urbano9 del municipio de Somoto, departamento de Madriz, 2019 
260 |a Managua  |b UNI/RUACS  |c 2019 
300 |a 78 p. :il 
500 |a Contiene anexos y CD. 
502 |a Tesis (Ingeniero Civil)- UNI, 2019. 
520 3 |a El presente trabajo describe en forma detallada el procedimiento a través del cual se desarrolló el diseño de sistema abastecimiento de agua potable en los barrios Bernardino Díaz Ochoa y Tomas Borge Martínez del casco urbano del municipio de Somoto, departamento de Madriz, para un periodo de 20 años (2019-2039); con el propósito de ayudar al mejoramiento de las condiciones del servicio de agua en los barrios. El sistema fue diseñado en base a las “Normas técnicas para el diseño del sistema de abastecimiento de agua potable en el medio urbano “emitidas por el INAA, en combinación con lineamentos constructivos y presupuestarios actualizados establecidos por el FISE para la formulación y desarrollo de proyectos de agua potable. 
650 7 |a ABASTECIMIENTO DE AGUA 
650 7 |b SUMINISTRO DE AGUA 
650 7 |c POZOS-DISEÑO Y CONSTRUCCION 
650 7 |d RED DE DISTRIBUCION DE AGUA POTABLE 
700 1 |a Tutor:  |b Navarro Hudiel, Sergio Junior 
942 |c BK  |2 ddc 
991 |a TESIS 
999 |c 16211